00475nam a2200145 a 450000500170000000800410001702000180005810000190007624500910009526000370018665000390022365000430026294200070030599900170031220140311130135.0030421s19uu xx 00 eng d a971-23-2751-5 aBelvez, Paz M. aLearn Filipino the Easy Way ( For Foreigners & Non-Tagalog Speakers) /cPaz M. Belvez. aManila :bRex Book Store,c1999. aTagalog languagexstudy & teaching aTagalog languagextexts for foreigners cBK c35494d35494